[Event "Tournoi francophone 023"]
[Site "Jitsi"]
[Date "????.??.??"]
[Round "2.7"]
[White "Abate, Luigi"]
[Black "Nicolini, Francesco"]
[Result "1/2-1/2"]
[WhiteElo "1537"]
[BlackElo "1618"]
[PlyCount "68"]

1. d4 Nf6 2. c4 e6 3. Nc3 d5 4. cxd5 exd5 5. Nf3 Bb4 6. Bg5 O-O 7. e3 Bf5 8.
Bd3 Bg6 9. O-O Nbd7 10. Nxd5 Bd6 11. Nf4 Bxf4 12. exf4 c6 13. Re1 Bxd3 14. Qxd3
Qc7 15. Rac1 h6 16. Bxf6 Nxf6 17. f5 Rad8 18. Re3 Qf4 19. g3 Qd6 20. Rce1 Rd7
21. Ne5 Rdd8 22. Nc4 Qxd4 23. Qxd4 Rxd4 24. Na5 Rb4 25. R1e2 Rb5 26. Re5 Nd5
27. Nc4 f6 28. R5e4 Rc5 29. Nd6 b6 30. Nb7 Rc1+ 31. Kg2 Rb1 32. Re6 Rb8 33. Nd6
Kh7 34. Ne4 Rc1 1/2-1/2

[Event "Tournoi francophone 023"]
[Site "Jitsi"]
[Date "????.??.??"]
[Round "2.8"]
[White "Pouteau, Pascal"]
[Black "Bucherie, Volcy"]
[Result "1-0"]
[WhiteElo "1616"]
[BlackElo "1490"]
[PlyCount "25"]

1. Nf3 Nf6 2. d4 d5 3. g3 c6 4. Bg2 g6 5. O-O Bg7 6. Nc3 e6 7. Re1 O-O 8. Ne5
Ne4 9. Nxe4 Bxe5 10. dxe5 dxe4 11. Qxd8 Rxd8 12. Bg5 Rd2 13. Bxd2 1-0

[Event "Tournoi francophone 023"]
[Site "Jitsi"]
[Date "????.??.??"]
[Round "2.9"]
[White "Le Bouill, Pierre"]
[Black "Khabou, Taha"]
[Result "0-1"]
[WhiteElo "1534"]
[BlackElo "1615"]
[PlyCount "44"]

1. Nf3 e6 2. d4 d5 3. Bf4 Nf6 4. c3 c5 5. e3 Nc6 6. h3 Bd6 7. Be5 Bxe5 8. Nxe5
Nxe5 9. dxe5 Nd7 10. Bb5 Qg5 11. Bxd7+ Bxd7 12. Nd2 Qxg2 13. Qf3 Qxf3 14. Nxf3
Bc6 15. Rg1 O-O 16. Nd2 Rfd8 17. O-O-O d4 18. exd4 cxd4 19. cxd4 Rxd4 20. Nb3
Rxd1+ 21. Rxd1 Rc8 22. Nd4 Bf3+ 0-1

[Event "Tournoi francophone 023"]
[Site "Jitsi"]
[Date "????.??.??"]
[Round "2.10"]
[White "Rodier, Marc"]
[Black "Rivalta, Paolo"]
[Result "0-1"]
[WhiteElo "1611"]
[BlackElo "1457"]
[PlyCount "52"]

1. e4 e5 2. Nf3 d6 3. d4 exd4 4. Nxd4 c5 5. Bb5+ Bd7 6. Bxd7+ Nxd7 7. Nf5 Qc7
8. O-O Ngf6 9. Nc3 g6 10. Ng3 Bg7 11. Nb5 Qc6 12. Nxd6+ Ke7 13. Nc4 Rhd8 14.
Qe2 Kf8 15. f3 b5 16. Ne3 c4 17. Rd1 Qc5 18. Kh1 a5 19. Nd5 Nxd5 20. Rxd5 Qb4
21. c3 Qe7 22. Rxb5 Ne5 23. Be3 Rac8 24. f4 Nd3 25. e5 Qd7 26. Rd5 Qxd5 0-1

[Event "Tournoi francophone 023"]
[Site "Jitsi"]
[Date "????.??.??"]
[Round "2.11"]
[White "Guillaume, Mickael"]
[Black "Cengiz, Ali Ekber"]
[Result "0-1"]
[WhiteElo "1522"]
[BlackElo "1608"]
[PlyCount "54"]

1. e4 c6 2. d4 e6 3. Nc3 Nf6 4. Nf3 d6 5. Bf4 Be7 6. Be2 O-O 7. e5 dxe5 8. dxe5
Nd5 9. Nxd5 exd5 10. O-O f6 11. c4 fxe5 12. Bxe5 Be6 13. Qd4 Bf6 14. b3 Nd7 15.
Bxf6 Nxf6 16. Bd3 Qe8 17. Rfe1 Qc8 18. Ng5 Bg4 19. f3 Bh5 20. Rac1 Qd7 21. Re5
Rae8 22. Nxh7 Rxe5 23. Qxe5 Re8 24. Nxf6+ gxf6 25. Qxh5 Qe7 26. Qh4 Qe3+ 27.
Kh1 Qxc1+ 0-1

[Event "Tournoi francophone 023"]
[Site "Jitsi"]
[Date "????.??.??"]
[Round "2.12"]
[White "L'Herbon De Lussats, Jean"]
[Black "Duthoit, Bernard"]
[Result "1-0"]
[WhiteElo "1510"]
[BlackElo "1583"]
[PlyCount "63"]

1. d4 e5 2. dxe5 Qe7 3. Nc3 Qxe5 4. Nf3 Qe7 5. e4 d6 6. Bc4 Be6 7. Nd5 Bxd5 8.
Bxd5 c6 9. Bb3 Qxe4+ 10. Be3 d5 11. O-O Bb4 12. c3 Ba5 13. Re1 Ne7 14. Bd4 Qg6
15. Bc5 Bd8 16. Qe2 Qf6 17. Bd4 Qg6 18. Bc2 f5 19. Ne5 Qe6 20. Qh5+ g6 21. Qh6
Qg8 22. Nf3 Qf8 23. Qg5 Rg8 24. Re6 Kd7 25. Rae1 h6 26. Qf4 g5 27. Qd6+ Kc8 28.
Rxe7 Bxe7 29. Rxe7 Qd8 30. Bxf5+ Nd7 31. Rxd7 Qf8 32. Rd8# 1-0

[Event "Tournoi francophone 023"]
[Site "Jitsi"]
[Date "????.??.??"]
[Round "2.13"]
[White "Hargez, Dany"]
[Black "Colangelo, Michele"]
[Result "1-0"]
[WhiteElo "1578"]
[BlackElo "1433"]
[PlyCount "75"]

1. d4 d5 2. c4 e6 3. Bf4 Bd6 4. e3 Bxf4 5. exf4 Nf6 6. Nf3 Nc6 7. Ne5 Nxe5 8.
fxe5 Nd7 9. cxd5 exd5 10. Bb5 c6 11. Bd3 O-O 12. O-O Re8 13. Nd2 Nb6 14. Nf3 h6
15. Qc2 Nd7 16. h4 Nf8 17. h5 Bg4 18. Nh2 Bxh5 19. Bf5 Bg6 20. Ng4 Bxf5 21.
Qxf5 Ng6 22. Rae1 Qc8 23. Qh5 Nf4 24. Nxh6+ gxh6 25. Qxh6 Ng6 26. f4 Re6 27. f5
Re8 28. fxg6 fxg6 29. Qxg6+ Kh8 30. Rf3 Qe6 31. Rg3 Qxg6 32. Rxg6 Rg8 33. Rh6+
Kg7 34. Rh3 Rh8 35. Rg3+ Kf7 36. e6+ Ke7 37. Rg7+ Kf6 38. Rxb7 1-0

[Event "Tournoi francophone 023"]
[Site "Jitsi"]
[Date "????.??.??"]
[Round "2.14"]
[White "De Coninck, Philippe"]
[Black "Trivedi, Viral"]
[Result "0-1"]
[WhiteElo "1489"]
[BlackElo "1576"]
[PlyCount "30"]

1. e4 e6 2. d4 d5 3. e5 c5 4. c3 Nc6 5. Nf3 Bd7 6. Be3 Qb6 7. Qd2 cxd4 8. cxd4
Rc8 9. Nc3 Nge7 10. Bd3 Nb4 11. Bb1 Bb5 12. a3 Qa6 13. Nxb5 Qxb5 14. axb4 Nf5
15. Bxf5 Bxb4 0-1

[Event "Tournoi francophone 023"]
[Site "Jitsi"]
[Date "????.??.??"]
[Round "2.15"]
[White "Briere, Jean"]
[Black "Schnell, Nicolas"]
[Result "1-0"]
[WhiteElo "1571"]
[BlackElo "1267"]
[PlyCount "65"]

1. d4 d5 2. c4 e6 3. Nc3 Bb4 4. e3 Ne7 5. Bd2 Nbc6 6. c5 O-O 7. Nf3 Nf5 8. Bd3
h6 9. O-O b6 10. cxb6 Re8 11. bxc7 Qxc7 12. Rc1 Be7 13. Bxf5 exf5 14. Nxd5 Qb8
15. Rxc6 Bd7 16. Nxe7+ Rxe7 17. Rc5 Re4 18. Ne5 Rh4 19. g3 Re4 20. Nxd7 Qe8 21.
Ne5 Rb8 22. f3 f4 23. fxe4 g5 24. gxf4 Qe7 25. fxg5 Qxg5+ 26. Qg4 f6 27. Qxg5+
hxg5 28. Nd7 Rxb2 29. Nxf6+ Kf7 30. Nd5+ Ke6 31. Rc6+ Kd7 32. Rc7+ Kd6 33. Rf6#
1-0

[Event "Tournoi francophone 023"]
[Site "Jitsi"]
[Date "????.??.??"]
[Round "2.16"]
[White "Soubrier, Laure"]
[Black "Montilla Bejarano, Mey"]
[Result "0-1"]
[WhiteElo "1404"]
[BlackElo "1437"]
[PlyCount "62"]

1. d4 Nf6 2. Nf3 e6 3. c3 b6 4. e3 Bb7 5. Nbd2 Be7 6. Bd3 c5 7. O-O O-O 8. Re1
Qc7 9. e4 cxd4 10. cxd4 d6 11. b3 Nbd7 12. Bb2 Rae8 13. Rc1 Qb8 14. b4 Kh8 15.
a3 Rg8 16. Nf1 g5 17. h3 g4 18. hxg4 Rxg4 19. N1h2 Rg7 20. Nh4 Reg8 21. Qf3 Ng4
22. Nxg4 Rxg4 23. d5+ f6 24. g3 Rxh4 25. dxe6 Ne5 26. Bxe5 dxe5 27. Rc2 Qf8 28.
Rc7 Ba8 29. Rxa7 f5 30. Qxf5 Qxf5 31. exf5 Rh1# 0-1

[Event "Tournoi francophone 023"]
[Site "Jitsi"]
[Date "????.??.??"]
[Round "2.17"]
[White "Gadow, Martin"]
[Black "Sauvaget, Joel"]
[Result "1-0"]
[WhiteElo "1757"]
[BlackElo "1553"]
[PlyCount "39"]

1. c4 c6 2. Nf3 h6 3. Nc3 Nf6 4. e3 d6 5. Qc2 e6 6. d4 Be7 7. Be2 Nbd7 8. O-O
O-O 9. e4 Nb6 10. e5 dxe5 11. dxe5 Ne8 12. Bf4 f5 13. exf6 Nxf6 14. Rad1 Bd7
15. Nh4 Qc8 16. Ng6 Rf7 17. Ne5 Rf8 18. Qg6 Be8 19. Qg3 Nbd7 20. Bxh6 1-0

[Event "Tournoi francophone 023"]
[Site "Jitsi"]
[Date "????.??.??"]
[Round "2.18"]
[White "Megelas, Florent"]
[Black "Rodriguez, Nathalie"]
[Result "1-0"]
[WhiteElo "1686"]
[BlackElo "1448"]
[PlyCount "81"]

1. e4 e5 2. Nf3 h6 3. Bc4 Nc6 4. d3 Bc5 5. O-O d6 6. h3 Nf6 7. Be3 Bb6 8. Nc3
O-O 9. Nd5 Nxd5 10. Bxd5 Be6 11. Bb3 Re8 12. Re1 Ba5 13. c3 Bb6 14. Ba4 Qf6 15.
Nh2 d5 16. Bb3 dxe4 17. dxe4 Rad8 18. Qf3 Qxf3 19. Nxf3 Rd7 20. Rad1 Red8 21.
Rxd7 Rxd7 22. Bxe6 fxe6 23. Bxb6 cxb6 24. Kf1 Kf7 25. Re2 Rd1+ 26. Re1 Rxe1+
27. Kxe1 a5 28. Kd2 Ke7 29. Kd3 Kd6 30. Nd2 b5 31. b3 Kc5 32. a3 b6 33. c4 g6
34. cxb5 Kxb5 35. Nc4 Kc5 36. f3 g5 37. b4+ axb4 38. axb4+ Nxb4+ 39. Kc3 Nc6
40. Nb2 Nd4 41. Nd3+ 1-0

[Event "Tournoi francophone 023"]
[Site "Jitsi"]
[Date "????.??.??"]
[Round "2.19"]
[White "Lecluyse, Koenraad"]
[Black "Viatge, Fabrice"]
[Result "0-1"]
[WhiteElo "1458"]
[BlackElo "1660"]
[PlyCount "46"]

1. d4 g6 2. e3 Bg7 3. Nf3 d5 4. c4 Nf6 5. Nc3 O-O 6. Bd3 e6 7. b3 Nbd7 8. O-O
b6 9. b4 Bb7 10. Ba3 Re8 11. Qb3 Ne4 12. Rfd1 Ndf6 13. c5 Nxc3 14. Qxc3 Ne4 15.
Qb3 Rb8 16. Ne5 bxc5 17. bxc5 Ba6 18. Qa4 Bxd3 19. Nc6 Qd7 20. Nxb8 Qxa4 21.
Rxd3 Rxb8 22. Bc1 Qa6 23. Ra3 Qe2 0-1

[Event "Tournoi francophone 023"]
[Site "Jitsi"]
[Date "????.??.??"]
[Round "2.20"]
[White "Le Brun, Yves"]
[Black "Wenckstern, Roberto"]
[Result "0-1"]
[WhiteElo "1601"]
[BlackElo "1431"]
[PlyCount "48"]

1. d4 d5 2. Nf3 Nf6 3. c4 b6 4. Bf4 c5 5. e3 cxd4 6. Nxd4 Bb7 7. Nb5 Nc6 8.
Nc7+ Kd7 9. Nxa8 Qxa8 10. cxd5 Nb4 11. Qa4+ Nc6 12. dxc6+ Bxc6 13. Qd1+ Ke8 14.
f3 Nd5 15. Nd2 e6 16. b3 Bc5 17. Nc4 Bb4+ 18. Kf2 Nxf4 19. exf4 Bc5+ 20. Kg3
Qb8 21. Qd2 g5 22. Ne5 Bd6 23. Nxc6 Bxf4+ 24. Qxf4 Qxf4+ 0-1

[Event "Tournoi francophone 023"]
[Site "Jitsi"]
[Date "????.??.??"]
[Round "2.22"]
[White "Vervoort, Jean-Louis"]
[Black "Milanese, Serge"]
[Result "0-1"]
[WhiteElo "1455"]
[BlackElo "1521"]
[PlyCount "92"]

1. d4 Nf6 2. d5 d6 3. c4 c6 4. Nc3 e6 5. Bg5 Be7 6. Bxf6 Bxf6 7. e4 e5 8. Nf3
Bd7 9. Be2 O-O 10. O-O c5 11. Qd2 a6 12. b3 Bg4 13. h3 Bxf3 14. Bxf3 Nd7 15.
Bg4 Bg5 16. Qd1 Nf6 17. Ne2 Nxe4 18. Qd3 Nf6 19. Ng3 Nxg4 20. hxg4 g6 21. Ne4
Bh6 22. f3 Bf4 23. g3 Bh6 24. Kf2 Kg7 25. Rh1 f5 26. Rh3 fxg4 27. Rh2 Rxf3+ 28.
Qxf3 gxf3 29. Rah1 Qe7 30. Rxh6 Kh8 31. Rxg6 Rf8 32. Re6 Qd7 33. Nf6 Rxf6 34.
Rxf6 Qg4 35. Rg1 Qd4+ 36. Kxf3 Qxg1 37. Rxd6 Qd1+ 38. Ke4 Qd4+ 39. Kf5 e4 40.
Rd8+ Kg7 41. Rd7+ Kh6 42. Rd6+ Kg7 43. Ke6 Qf6+ 44. Kd7 e3 45. Re6 Qxe6+ 46.
Kxe6 e2 0-1

[Event "Tournoi francophone 023"]
[Site "Jitsi"]
[Date "????.??.??"]
[Round "2.23"]
[White "Vello, Pablo"]
[Black "Ortis, Yves"]
[Result "1-0"]
[WhiteElo "1514"]
[BlackElo "1400"]
[PlyCount "71"]

1. d4 Nf6 2. Nc3 d5 3. Bf4 Bf5 4. f3 Nc6 5. g4 Bg6 6. h4 h5 7. g5 Nd7 8. Nxd5
e6 9. Nxc7+ Ke7 10. Nxa8 Qxa8 11. e4 Kd8 12. Ne2 Nb4 13. Nc3 a6 14. Qd2 Qc8 15.
a3 Nc6 16. O-O-O Be7 17. Qh2 Ke8 18. Bc4 b5 19. Ba2 b4 20. axb4 Nxb4 21. Bb3 f6
22. gxf6 Bxf6 23. Bxe6 Nc6 24. Nd5 Bd8 25. Qg3 Rh6 26. Bxh6 Ne7 27. Nxe7 Bxe7
28. Qxg6+ Kd8 29. Qxg7 Qb7 30. Qg8+ Kc7 31. Bf4+ Kb6 32. Bd5 Qa7 33. Qe6+ Ka5
34. Qxe7 Qb6 35. Bd2+ Kb5 36. Qb4# 1-0

[Event "Tournoi francophone 023"]
[Site "Jitsi"]
[Date "????.??.??"]
[Round "2.24"]
[White "Gerbaux, Regis"]
[Black "Codina, Teresa"]
[Result "0-1"]
[WhiteElo "1437"]
[BlackElo "1511"]
[PlyCount "60"]

1. e4 c5 2. Nf3 d6 3. c3 d5 4. Bb5+ Bd7 5. Bxd7+ Qxd7 6. Ne5 Qc7 7. d4 cxd4 8.
Qxd4 e6 9. exd5 exd5 10. Nf3 Nf6 11. Qd1 Be7 12. O-O O-O 13. Re1 Nc6 14. a3 a5
15. Bg5 Qb6 16. b3 Rfe8 17. Be3 Qd8 18. Nbd2 h6 19. Nd4 Ne4 20. Nxe4 dxe4 21.
Nxc6 bxc6 22. Qxd8 Rexd8 23. Bb6 Rd3 24. Rxe4 Bf6 25. Rc1 Bg5 26. Be3 Rad8 27.
h3 Rd1+ 28. Rxd1 Rxd1+ 29. Kh2 Rb1 30. Bd4 Rxb3 0-1

[Event "Tournoi francophone 023"]
[Site "Jitsi"]
[Date "????.??.??"]
[Round "2.26"]
[White "De Fazio, Monica"]
[Black "Hampton, Irene"]
[Result "1-0"]
[WhiteElo "1491"]
[BlackElo "1368"]
[PlyCount "71"]

1. d4 d5 2. c4 e6 3. g3 c6 4. Nf3 Nf6 5. Bg2 Nbd7 6. O-O Be7 7. Bf4 O-O 8. Nc3
a6 9. Qc2 c5 10. cxd5 exd5 11. Rac1 c4 12. e4 Nb6 13. Nd2 Nh5 14. Be3 Be6 15.
exd5 Nxd5 16. Nxc4 Rc8 17. Nxd5 Bd6 18. Qe2 g6 19. Ndb6 Rc7 20. Nxd6 Rxc1 21.
Rxc1 Qxb6 22. d5 Qxd6 23. dxe6 Qxe6 24. a4 b6 25. Qxa6 f5 26. Qxb6 Qxb6 27.
Bxb6 Kg7 28. Rc7+ Kh6 29. Kf1 f4 30. g4 Nf6 31. h3 g5 32. a5 Ne8 33. Rc6+ Nf6
34. a6 Rd8 35. Rxf6+ Kg7 36. Bxd8 1-0

[Event "Tournoi francophone 023"]
[Site "Jitsi"]
[Date "????.??.??"]
[Round "2.27"]
[White "Ruiz Aguilera, Juan Jesus"]
[Black "Gagnon, Sindy"]
[Result "1-0"]
[WhiteElo "1489"]
[BlackElo "1272"]
[PlyCount "41"]

1. e4 e5 2. Nf3 Nc6 3. Nc3 Nf6 4. Bb5 a6 5. Bxc6 bxc6 6. O-O Bb7 7. d4 d5 8.
exd5 cxd5 9. dxe5 Be7 10. exf6 Bxf6 11. Re1+ Be7 12. Bg5 f6 13. Bf4 Qc8 14. Qd3
c6 15. Qe3 O-O 16. Qxe7 Qd8 17. Qxb7 Rc8 18. Re7 c5 19. Rxg7+ Kh8 20. Rxh7+ Kg8
21. Qg7# 1-0

[Event "Tournoi francophone 023"]
[Site "Jitsi"]
[Date "????.??.??"]
[Round "2.28"]
[White "Vincent, Andre"]
[Black "Cassano, Mariangela"]
[Result "1-0"]
[WhiteElo "1484"]
[BlackElo "1170"]
[PlyCount "49"]

1. d4 d5 2. c4 Nc6 3. e3 e6 4. Nc3 Be7 5. Nf3 Nf6 6. cxd5 exd5 7. Bd3 O-O 8.
O-O h6 9. Qc2 g6 10. a3 Bd6 11. Re1 Re8 12. e4 Nxd4 13. Nxd4 c5 14. Nf3 d4 15.
Nb5 a6 16. Nxd6 Qxd6 17. e5 Rxe5 18. Nxe5 b6 19. Qc4 Be6 20. Qc2 Re8 21. Bf4
Qd7 22. Nxd7 Bxd7 23. Rxe8+ Bxe8 24. Bxa6 d3 25. Qxd3 1-0

[Event "Tournoi francophone 023"]
[Site "Jitsi"]
[Date "????.??.??"]
[Round "2.29"]
[White "Hayouna, Ali"]
[Black "Valmalette, Alain"]
[Result "0-1"]
[WhiteElo "1400"]
[BlackElo "1482"]
[PlyCount "62"]

1. d4 d5 2. c3 Nf6 3. Nf3 Nc6 4. g3 e6 5. Bg2 Bd6 6. Bg5 O-O 7. O-O h6 8. Bxf6
Qxf6 9. Nbd2 Re8 10. e4 Qg6 11. e5 Be7 12. c4 dxc4 13. Nxc4 b5 14. Na3 Ba6 15.
Nh4 Bxh4 16. Bxc6 b4 17. Nc2 Bxf1 18. Qxf1 Qxc2 19. Bxe8 Qxb2 20. gxh4 Qxd4 21.
h5 Qxe5 22. Qg2 c5 23. Qg3 f6 24. Rd1 Rb8 25. Rd7 Qxg3+ 26. hxg3 a5 27. Rd6 e5
28. Ra6 Rb5 29. Rd6 c4 30. g4 Kh7 31. a4 bxa3 0-1

[Event "Tournoi francophone 023"]
[Site "Jitsi"]
[Date "????.??.??"]
[Round "2.30"]
[White "Roberge, Yves"]
[Black "Schmitt, Pierre"]
[Result "0-1"]
[WhiteElo "1390"]
[BlackElo "1469"]
[PlyCount "32"]

1. e4 e5 2. d4 exd4 3. Qxd4 Nc6 4. Qc3 Bb4 5. Qxb4 Nxb4 6. Na3 Nf6 7. Bd2 O-O
8. Bxb4 Re8 9. Nf3 Rxe4+ 10. Be2 Rxb4 11. b3 Qe7 12. O-O Qxe2 13. c3 Rg4 14.
Nd4 Qd3 15. Rfe1 Qxc3 16. Re2 Qxa1+ 0-1